[Event "Bundesliga 1011"]
[Site "Germany"]
[Date "2010.12.11"]
[Round "5.2"]
[White "Bromberger, Stefan"]
[Black "Areshchenko, Alexander"]
[Result "0-1"]
[WhiteElo "2530"]
[BlackElo "2664"]
[Annotator "Areshchenko/Meyer,CD"]
[PlyCount "56"]
[EventDate "2010.10.09"]
[EventType "team-tourn"]
[EventRounds "15"]
[EventCountry "GER"]
[SourceTitle "CBM 140"]
[Source "ChessBase"]
[SourceDate "2011.01.18"]
[SourceVersion "1"]
[SourceVersionDate "2011.01.18"]
[SourceQuality "1"]
[WhiteTeam "Bayern Muenchen"]
[BlackTeam "Werder Bremen"]
[WhiteTeamCountry "GER"]
[BlackTeamCountry "GER"]

1. e4 c5 2. Nf3 d6 3. d4 cxd4 4. Nxd4 Nf6 5. Nc3 a6 6. Bg5 e6 7. f4 h6 ({
Häufiger wird unsere Partiestellung (nach 12...g5) durch die Zugfolge} 7... Qb6
8. Qd2 Qxb2 9. Rb1 Qa3 10. e5 h6 11. Bh4 dxe5 12. fxe5 g5 {erreicht. Der
violente Vorstoß e5 galt einige Zeit als minderwertig, ist aber ziemlich
giftig und erscheint heutzutage als durchaus spielbar.}) 8. Bh4 Qb6 9. Qd2 Qxb2
10. Rb1 Qa3 11. e5 dxe5 12. fxe5 g5 $5 ({Das beliebtere} 12... Nfd7 {(} 13. Ne4
Qxa2 14. Rd1 Qd5 {) ist ein anderes Thema. Im Labyrinth dieser ultrascharfen
Bauernraub-Variante, in der noch etliche Fragen offen sind, fühlt sich unser
ukrainischer Großmeister pudelwohl. In jedem Fall entstehen äußerst
komplizierte, mitunter haarsträubende Positionen, die häusliche Vorbereitung,
tiefe Analyse und gute Nerven verlangen.}) 13. exf6 ({I} 13. Bg3 $5 Nh5 14. Ne4
Qxa2 15. Rb3 Nd7 16. Qc3 b6 17. Nd6+ Bxd6 18. exd6 $13 {1/2-1/2/76, Sjugirov,S
(2612) - Nepomniachtchi,I (2626), St. Petersburg 2009} Nhf6) ({II} 13. Bf2 $6
Ng4 14. Bg3 Nd7 15. Be2 Ngxe5 16. O-O Bg7 17. Nxe6 fxe6 18. Ne4 Rf8 19. Bh5+
Ke7 20. Rb3 Rxf1+ 21. Kxf1 Nc4 22. Rxa3 Nxd2+ 23. Nxd2 Be5 24. Rf3 Bxg3 25.
Rf7+ Kd6 26. hxg3 b5 $15 {0-1/56, Anand,V (2788) - Nepomniachtchi,I (2632),
Mainz 2009}) 13... gxh4 14. Be2 Qa5 (14... h3 $5) 15. O-O Nd7 16. Kh1 (16. Qd3
$6 Qe5 17. Ne4 (17. Kh1 $2 h3) (17. Rbd1 Nc5) 17... Nc5 $15) 16... Qg5 $1 17.
Rf4 ({I} 17. Qe1 $5 h3 18. gxh3 Qe5 19. Qf2 h5 20. Bf3 Bc5 21. Rbd1 Nxf6 $13) (
{II} 17. Qd3 Nc5 18. Qf3 Bd7 19. Rxb7 Nxb7 20. Qxb7 Rc8 21. Bxa6 h3 22. gxh3 {
1/2-1/2 Wurschner,M (2383)-Riccio,E (2537)/ICCF email 2008/Corr 2011}) 17... e5
$1 (17... h3 $2 18. gxh3 Rg8 19. Bg4 $1 Bd6 (19... Nxf6 $2 20. Nf3 Qg7 21. Rd1
Be7 22. Ne5 Nxg4 23. Rxg4 Qh8 24. Rd4 $18) 20. Nxe6 $1 Bxf4 21. Nxf4 (21. Ne4
Qe5 22. Qxf4 Qxf4 23. Nxf4 Ne5 $13) 21... Nxf6 22. Re1+ Kf8 23. Bf3 Bxh3 24.
Qd6+ Kg7 25. Nxh3 Qh4 $14) 18. Nd5 $8 exd4 $8 {Aufgrund der Explosivität und
Komplexität der Stellung, bei der man - besonders am Turnierbrett - jederzeit
ins Schleudern geraten kann, finden sich hierzu gerade aus der
Fernschachpraxis einige Beispiele. Fatale Alternativen:} ({I} 18... exf4 $4 19.
Nc7+ Kd8 20. Nde6+ $18) ({II} 18... Bd6 $2 19. Nf3 Qg6 20. Nxh4 Qg5 21. Nf5 $1
exf4 (21... Bc5 22. h4 Qg6 23. Bd3 $18 exf4 24. Ng7+) 22. Nxd6+ Kf8 23. Ne4 Qe5
24. Qb4+ Kg8 25. Ne7+ Kh7 26. Bd3 $18) 19. Nc7+ $2 ({Nach diesem Fauxpas
befindet sich Weiß bereits am Rande des Abgrunds. Bessser sind: I} 19. Qxd4 {
, und nun taucht Schwarz risikofreudig mit} Kd8 $5 {in einen
Variantendschungel ein:} (19... Bc5 $5 {erscheint sicherer und verdient lt.
Areshchenko Erwähnung, z.B.} 20. Qe4+ Kd8 21. Rf5 Re8 22. Qxe8+ Kxe8 23. Rxg5
hxg5 24. Nc7+ Kd8 25. Nxa8 Nxf6 26. Bf3 b5 27. Rd1+ Ke7 28. Nc7 g4 $11) 20. Ne7
({Oder} 20. Rd1 h3 21. g3 $13 {/=} (21. gxh3 $143 Bc5 22. Qd3 Re8 23. Bf3 Re6
24. Rg4 Qe5 25. Qd2 Rb8 26. Rg8+ Re8 27. Rxe8+ Qxe8 28. Re1 Qf8 29. Ne7 (29.
Qe2) 29... Qh8 30. Qg2 b5 31. Nc6+ Kc7 32. Nxb8 Nxb8 33. Qg7 Qf8 $17 {,
Frijling,J (2097) - Hartl,H (2459), Lechenicher SchachServer email 2009}) 21...
Bd6 22. Bg4 (22. Bf3 Qe5 23. Qd2 a5 24. Re4 Qf5 25. Qe3 Ra6 26. Rc4 Qe6 27. Re4
Qf5 28. Rc4 Qe6 29. Re4 Bc5 30. Qd3 Qc6 31. Qe2 b5 32. Bh5 Bd6 33. Bxf7 Nc5 34.
Re3 Rf8 35. Bh5 {1-0 Auzins,M (2462)-Kuosa,N (2573)/ICCF email 2008/Corr 2011})
(22. Re4 Re8 23. Nb6 Rxe4 24. Qxe4 Qc5 25. Nxa8 Nxf6 26. Qc4 Ke7 27. Qxc5 Bxc5
28. Bf3 Ng4 29. Re1+ Kd6 {1/2-1/2 Staroske,U (2440)-Pierzak,R (2501)/ICCF
email 2009/Corr 2011}) 22... Bxf4 23. Bxd7 Bxd7 24. Qb6+ Ke8 25. Qb4 Kd8 26.
Qb6+ {1/2-1/2, Kreuzfahrtschiff - Flyingfatman, playchess.com INT 2007}) 20...
Qe5 (20... Qc5 21. Qb2 h3 22. Bf3 Ke8 $5 (22... Rh7 23. Rf5 hxg2+ 24. Bxg2 Bxe7
25. Rxc5 Bxc5 26. Rd1 Rh8 27. Qc3 Re8 28. Bf3 Kc7 29. Rd5 Kb8 30. Rxc5 Nxc5 31.
Qxc5 Be6 32. a4 Rd8 33. a5 Rd7 34. c4 Ra7 35. Bd5 Bxd5+ 36. cxd5 h5 37. Qe3 Rd8
38. Qe7 Rh8 39. Qd6+ {1-0 Horvat,M (2283)-Sesko,M (2181)/ICCF email 2009/Corr
2011}) {/\} 23. Re4 Bxe7 24. Rxe7+ Kd8 25. Rd1 Ra7 $15) 21. Qd2 Bxe7 22. fxe7+
Qxe7 23. Bg4 f5 24. Rxf5 Re8 25. Rd1 Kc7 {1/2-1/2 Wurschner,M (2408)-Matei,C 
(2576)/ICCF email 2009/Corr 2011}) ({II} 19. Bf3 Bc5 (19... Bd6 20. Qxd4 Nc5 (
20... Ne5 21. Ne7 (21. Qb6 O-O (21... Nc6 22. Re1+ Kf8 23. Rfe4 Be6 24. Nc7
Bxc7 25. Qxc7 Qxf6 26. Qxb7 Kg7 27. Qxc6 Rac8 28. Qa4 {1/2-1/2 Koch,C (2184)
-Van der Kemp,M (1958)/LSS email 2009/Corr 2011}) 22. Qxd6 Be6 23. Ne7+ Kh8 24.
Qb4 Rad8 25. Be2 Rg8 26. Nxg8 Rxg8 27. Qe4 Bd7 28. Rb6 Bh3 29. Bf1 Nc4 30. Rf2
Nxb6 31. Bd3 Bxg2+ 32. Qxg2 Nd5 33. Qxg5 hxg5 {0-1/67, Rocius,M (2483) -
Dell'Isola,V (2511)/ICCF email 2008}) 21... Nxf3 22. Qxd6 h3 23. g3 Qe5 24.
Nxc8 (24. Qxe5 Nxe5 25. Re4 Be6 26. Rxe5 b5 27. Kg1 {1/2-1/2 Rubinas,P (2557)
-Riccio,E (2556)/ICCF email 2008/Corr 2011}) 24... Rxc8 25. Qb4 a5 26. Qxb7 O-O
27. Qxf3 Rxc2 28. Qg4+ Qg5 29. Qd1 Qc5 30. Qg4+ Qg5 31. Qd1 Qc5 {1/2-1/2 Jacot,
L (2522)-Riccio,E (2556)/ICCF email 2008/Corr 2011}) (20... Kd8 21. Rxh4 Bc5
22. Qc4 b5 (22... Re8 23. Rd1 Bd6 24. Rh5 Qd2 25. Qh4 Qa5 26. Ne3 Qc3 27. Nc4
Be5 28. Nb6 Bxf6 29. Qf2 Bd4 30. Rd5 Re1+ 31. Qxe1 Qxe1+ 32. Rxe1 Bxb6 33. Bg4
Kc7 34. Re7 $16 {1-0/70, Podgursky,A (2206) - Fages,J (2205)/LSS email 2009})
23. Qc3 Qxh4 24. Qa5+ {1/2-1/2 Noble,M (2425)-Gueci,A (2359)/FICGS email 2009/
Corr 2011}) 21. Rxh4 Ne6 22. Re4 O-O 23. Qb6 Bc5 24. Qa5 Rd8 25. h4 Qxd5 26.
Rg4+ Kh8 27. Bxd5 Rxd5 28. Qe1 Bd7 29. c4 Rd3 30. Rb3 Rxb3 31. axb3 Bc6 32. b4
Bf8 33. Qe5 Rd8 34. Kg1 Ba4 {1/2-1/2 Grabliauskas,V (2472)-Siigur,J (2520)/
ICCF email 2009/Corr 2011}) 20. Qa5 (20. Nc7+ Kf8 21. Nxa8 Nxf6 $44) 20... b6
21. Rxb6 O-O 22. Rg4 Qxg4 {1/2-1/2 Gavrilakis,N (2475) - Fajs,B (2479)/ICCF
email 2009}) 19... Kd8 20. Nxa8 d3 $1 {Dieses treffliche Bauernopfer
unterbricht das weiße Druckspiel auf der d-Linie und nimmt vor allem die
Option Rxd4 aus der Stellung, so daß Schwarz seinen Königsläufer ungestört
nach d6 entwickeln kann.} ({Nicht aber: I} 20... Bd6 $4 21. Rxd4) ({II} 20...
h3 $2 21. gxh3 Bc5 22. Rd1) 21. Bxd3 (21. cxd3 $2 Bd6 22. Rbb4 (22. Rbf1 Re8)
22... Re8 23. Rbc4 Bxf4 24. Qc3 (24. Rxf4 Re6 25. Qc1 Nc5 26. Qf1 h3) 24...
Nxf6 25. Rxc8+ Ke7 $17) 21... Bd6 22. Rbf1 (22. Rf2 $2 Qe5 23. g4 (23. g3 $2 b6
$19) 23... Qd5+ (23... b5 $2 24. Qa5+ Bc7 25. Nxc7 Qxc7 26. Qxc7+ Kxc7 27. Re1
$18) (23... hxg3 $2 24. Re2) 24. Kg1 Bc5 25. Qf4 Qc6 $17) 22... Bxf4 23. Rxf4
h3 $2 ({Viel stärker war zweifellos} 23... Re8 $142 $1 {, was auch schon lt.
Fernschachdatenbank (Corr 2011) gespielt wurde (!) :} 24. h3 Re6 25. Qb4 a5 $5
(25... Qc5 $15) 26. Qd4 Qe5 27. Rxh4 Qb8 $5 28. Kg1 (28. Re4 Rxe4 29. Qxe4 Qxa8
30. Qe7+ Kc7 31. Qxf7 Qa7 32. Qe8 Qc5 33. f7 b6 $17) 28... Qxa8 29. Rxh6 Qb8
30. Rh8+ Re8 31. Rxe8+ Kxe8 32. Bb5 Kd8 33. Bxd7 Bxd7 34. Qd5 Ke8 35. Qxa5 Qd8
36. Qe5+ Be6 37. Kh2 Kd7 38. h4 Qc7 39. Qxc7+ Kxc7 40. Kg3 Bxa2 41. Kf4 Kd6 42.
g4 Bb1 43. c3 b5 {0-1 Gonzalez,B (2138) - Castro Salguero,R (2355)/ICCF email
2008}) 24. gxh3 $2 ({Dagegen hätte der deutsche IM mit der geschickten
Abwicklung} 24. Bf5 $1 hxg2+ (24... Qxf6 25. Kg1) 25. Kg1 Qxf6 26. Bxd7 Qa1+
27. Kxg2 Bxd7 28. Qa5+ Ke8 29. Nc7+ Kf8 30. Qa3+ Kg8 31. Nd5 Kg7 (31... Qe5 $4
32. Nf6+ Kg7 33. Qg3+ Qg5 34. Nxd7) (31... Be6 32. Ne7+ Kh7 33. Qd3+ Kg7 34.
Qg3+ Kh7 35. Qd3+ $11) 32. Qg3+ Kf8 33. Qa3+ Kg7 34. Qg3+ $11 {forciert ins
Remis entschlüpfen können.}) 24... Qd5+ 25. Qg2 Qd6 $1 $17 (25... Qxg2+ $143 $6
26. Kxg2 b5 27. Be4 Rg8+ 28. Kf2) 26. Qf2 $2 {In prekärer Lage der letzte
Fehler. Andere Versuche:} ({I} 26. Rf1 Re8 $1 $17 {, z.B.} (26... b5 $2 27. Be2
Re8 28. Bf3 $13) 27. Be4 (27. Rd1 $2 b5 $1 28. Be2 $4 Qxd1+) 27... Qb8 $1 28.
Bd5 Qxa8 29. Bxf7 Re3 (29... Re5 30. Bd5 Qa7 31. f7 Qc5 32. c4 Nf8 $17) 30. Bb3
(30. Rd1 Qb8 31. Qg8+ Kc7 32. Qg4 Re5 33. Qc4+ Kb6 $17) 30... Kc7 31. f7 Qa7
32. Qg4 (32. Qd2 Qc5 33. f8=Q Nxf8 34. Rxf8 Re5 35. Rf7+ Kb8 $17) (32. f8=Q
Nxf8 33. Rxf8 Qd4 $1 34. Rf3 Re1+ 35. Rf1 Bd7 36. Rxe1 Bc6 37. Qxc6+ bxc6 $19)
32... b5 33. Bd5 (33. Qf4+ Re5 34. Bd5 Qe3 35. Qxe3 Rxe3 $19 36. f8=Q Nxf8 37.
Rxf8 Bxh3) 33... Qc5 $17) ({II} 26. Qg3 b5 27. Be4 Re8 28. Bg2 Re2 $17 {(} 29.
Rd4 Qxf6 {)}) 26... Re8 27. Qd4 (27. Kg1 b5 28. Qd4 Re6 $19) 27... Re6 28. c4 (
28. Qxd6 Rxd6 29. Rh4 Rxf6 $19 30. Kg2 (30. Rg4 Rc6) (30. Rh5 Rd6) 30... b5 (
30... Nc5) 31. Be4 Rd6) 28... b5 $1 $19 ({Eine tolle Kampfpartie! Schwarz
erobert nun entweder den Na8 nach} 28... b5 29. cxb5 (29. Kg1 Bb7 30. Rg4 Qxd4+
(30... Rxf6 31. Rg8+ Ke7 $19) 31. Rxd4 Rxf6 32. cxb5 Bxa8 33. bxa6 Kc7 $19)
29... Bb7+ {oder nach der prächtigen, langen Kombination} 30. Kg1 Qa3 $1 (30...
axb5 31. Bxb5 Bxa8) 31. bxa6 Qc1+ 32. Rf1 (32. Bf1 Bxa6 {/\Re1-+}) 32... Qg5+
33. Qg4 Qc5+ 34. Rf2 Re1+ 35. Bf1 Rxf1+ 36. Kxf1 Qc1+ 37. Ke2 Bxa6+ 38. Kf3
Ne5+ $19 {die weiße Dame.}) 0-1

[Event "Moscow Aeroflot op-A"]
[Site "Moscow"]
[Date "2004.02.20"]
[Round "4"]
[White "Kotronias, Vasilios"]
[Black "Sasikiran, Krishnan"]
[Result "1-0"]
[WhiteElo "2598"]
[BlackElo "2654"]
[Annotator "Atlas,V"]
[PlyCount "109"]
[EventDate "2004.02.17"]
[EventType "swiss"]
[EventRounds "9"]
[EventCountry "RUS"]
[SourceTitle "CBM 100"]
[Source "ChessBase"]
[SourceDate "2004.06.01"]
[SourceVersion "1"]
[SourceVersionDate "2004.06.01"]
[SourceQuality "1"]

1. e4 c5 2. Nf3 d6 3. d4 cxd4 4. Nxd4 Nf6 5. Nc3 Qb6 6. Be2 e6 7. Bg5 Bd7 8.
Bxf6 gxf6 9. O-O Qxb2 10. Qd2 Nc6 11. Nb3 Qa3 12. f4 a6 13. Kh1 h5 14. Nd1 Rc8
15. Ne3 Qb4 16. c3 Qxe4 17. Nc4 Nd8 18. Nd4 h4 19. Bf3 Qh7 20. Nb6 Rc5 21. Nxd7
Kxd7 22. Rab1 h3 23. g3 Rc7 24. f5 Be7 25. Qc2 Kc8 26. Qa4 d5 27. c4 $1 e5 (
27... Rxc4 {falls short of scheitert an} 28. Rfc1 {, with a dangerous attack.
mit gefährlichem Angriff.}) 28. Nb3 e4 29. Be2 Qh6 $6 (29... d4 30. Nxd4 Bc5 {
deserved attention here. verdiente hier Aufmerksamkeit.}) 30. cxd5 Qe3 31. Rbe1
Kb8 32. Bf3 (32. Bxa6 Qb6 33. Bb5 {was a very promising continuation. war eine
sehr aussichtsreiche Fortsetzung.}) 32... Qb6 33. Rxe4 Bd6 34. Qa5 Qa7 35. Qd2
Qb6 36. Na5 Qb5 37. Be2 Qd7 38. Nc4 Bc5 39. d6 Rc8 40. Re7 Qa4 41. Rc7 Nc6 42.
Qd5 Qb4 43. a3 Qb5 44. Bd3 Rxc7 45. dxc7+ Kxc7 46. Ne3 Qa5 47. Qxf7+ Kb8 48.
Rb1 Nd8 49. Qd5 Re8 50. Be4 Qc7 51. Ng4 Qe7 $2 (51... Bxa3 52. Nxf6 Re7 {
was more stubborn. war hartnäckiger.}) {[%tqu "En","Both kings are not safe,
but White can strike first. Can you find the winning move for White here?",
"Exploit the weakness of Black's b7-pawn and try to deflect the enemy queen.",
"Bring your knight into play!","g4f6","This impressive knight move breaks
Black's defense and decides the game for White.",5,"De","Beide Königs stehen
unsicher, aber Weiß kann zuerst losschlagen. Finden Sie hier den Gewinnzug?",
"Richten Sie Ihr Augenmerk auf die Schwäche des Bauern b7 und versuchen Sie,
die schwarze Dame abzulenken.","Bringen Sie Ihren Springer ins Spiel!","g4f6",
"Dieser prächtige Springerzug durchbricht die schwarze Verteidigung und
entscheidet die Parie für Weiß.",5]} 52. Nxf6 $1 {[%csl Gb1,Rb7,Rb8,Gd5,Ge4,
Re7,Re8,Gf6][%cal Gb1b7,Ge4b7] This terrific knight move yields White a
decisive advantage. Dieser prächtige Springerzug bringt Weiß entscheidend in
Vorteil.} (52. Bf3 {would be a terrible mistake: wäre ein schrecklicher Fehler:
} Qe1+ 53. Rxe1 Rxe1#) 52... Bxa3 ({The knight is invulnerable: Der Springer
ist tabu:} 52... Qxf6 53. Rxb7+ $1 Nxb7 (53... Kc8 54. Qd7#) 54. Qxb7#) 53.
Nxe8 Bb4 ({Again, Erneut scheitert} 53... Qxe8 {falls short of wegen} 54. Rxb7+
$1 Nxb7 55. Qxb7#) 54. f6 $1 Qxe8 55. Rxb4 1-0

[Event "RUS Cup final 5th"]
[Site "Kazan"]
[Date "2001.10.07"]
[Round "6"]
[White "Kurnosov, Igor"]
[Black "Popov, Valerij"]
[Result "0-1"]
[WhiteElo "2361"]
[BlackElo "2559"]
[Annotator "Atlas,V"]
[PlyCount "79"]
[EventDate "2001.10.02"]
[EventType "tourn"]
[EventRounds "11"]
[EventCountry "RUS"]
[EventCategory "12"]
[SourceTitle "CBM 086"]
[Source "ChessBase"]
[SourceDate "2002.02.05"]
[SourceVersion "1"]
[SourceVersionDate "2002.02.05"]
[SourceQuality "1"]

1. e4 c5 2. Nf3 d6 3. d4 cxd4 4. Nxd4 Nf6 5. Nc3 a6 6. Bg5 e6 7. f4 Qb6 8. Nb3
Nbd7 9. Be2 Qc7 10. Bf3 Be7 11. Qd2 h6 12. Bxf6 Nxf6 13. O-O-O e5 14. Rhe1 b5
15. Kb1 O-O 16. fxe5 dxe5 17. Nd5 Nxd5 18. exd5 Bd6 19. g4 a5 20. h4 f5 21.
gxf5 Bxf5 22. Be4 Bg4 23. Qg2 Bxd1 24. Qg6 Bh5 25. Qh7+ Kf7 26. Qf5+ Kg8 27.
Qh7+ Kf7 28. Qf5+ Ke7 29. Qxh5 a4 30. Nd2 a3 31. Bd3 axb2 32. Qg4 Rf7 33. Ne4
Qa5 34. Qe6+ Kf8 35. Qxd6+ Kg8 36. Nc3 Qxc3 37. Rxe5 b4 38. Qc6 Raf8 39. Qe6 {
[%tqu "En","White may have enough for the exchange, but he has other problems.
Can you see which?","Try to expose the enemy king even further.","Open the
a-file for your rook!","b4b3","This elegant pawn move immediately deicides the
game.",4]} b3 $1 {[%csl Ra1,Rb1,Rd3][%cal Gf8a8,Ga8a1,Gb3a2] Threatening 40...
ba2+ 41.Ka2 Ra8+.} 40. Re1 (40. axb3 {loses after} Ra8 41. Ba6 Rxa6 42. Qxa6
Qxe5) ({And White resigned in view of the line:} 40. Re1 bxa2+ 41. Kxa2 Ra8+
42. Ba6 Qxc2 (42... Qc4+ {or 42...Ra6+ immediately win as well.})) 0-1

[Event "Havana"]
[Site "Havana"]
[Date "1983.??.??"]
[Round "10"]
[White "Zaitsev, Igor A"]
[Black "Alzate, Dario"]
[Result "1-0"]
[WhiteElo "2445"]
[BlackElo "2350"]
[Annotator "Belov,I"]
[PlyCount "61"]
[EventDate "1983.??.??"]
[EventType "tourn"]
[EventRounds "13"]
[EventCountry "CUB"]
[EventCategory "7"]
[SourceTitle "MCL"]
[Source "ChessBase"]
[SourceDate "1999.07.01"]
[SourceVersion "1"]
[SourceVersionDate "1999.07.01"]
[SourceQuality "1"]

1. e4 c5 2. Nf3 d6 3. d4 cxd4 4. Nxd4 Nf6 5. Nc3 a6 6. Bg5 e6 7. f4 Qb6 8. Nb3
h6 (8... Be7 9. Qf3 Nbd7 10. O-O-O Qc7 11. g4 (11. Bd3 b5 12. Rhe1 b4 13. Ne2
Bb7 14. Kb1 Nc5 $6 15. Nxc5 dxc5 16. Bxf6 $1 Bxf6 17. Bc4 $16 {Stohl,
I-Petrosian,A/GER/1993/0:1/40/}) 11... h6 12. Bh4 g5 13. fxg5 $1 Ne5 14. Qg3
Nfxg4 15. gxh6 Bxh4 16. Qxh4 Rxh6 17. Qg3 Bd7 18. Be2 Rg6 19. h4 $1 $14 {
Nikitin,A-Petrosian,A/Dortmund/1993/}) 9. Bxf6 Qe3+ 10. Be2 $5 (10. Qe2 Qxe2+
11. Bxe2 gxf6 12. Bh5 Be7 13. O-O-O $14 {Yudasin,L-Doroshkevich,V/URS/1983/})
10... gxf6 11. Rf1 Bd7 (11... Nc6 $5 12. Rf3 Qg1+ 13. Bf1 Qxh2 14. Qd2 Qg1 15.
O-O-O $44) 12. Rf3 Qg1+ (12... Qb6 $5) 13. Bf1 Rg8 (13... Qxh2 14. Qd2 Qg1 $2 (
14... Qh5 $142) 15. Nd4 Nc6 16. Nce2 Qh2 17. Rh3 $18) 14. Qd2 Nc6 15. O-O-O $14
Qa7 (15... Qb6 $142) 16. Kb1 $5 O-O-O (16... b5 $5) 17. a4 $1 Qb6 18. Rh3 $1
Kb8 19. Rh5 Rc8 $6 (19... Bc8 $142 20. a5 Qc7 $14) 20. a5 $16 Qb4 (20... Qc7
21. Na4 $16) 21. Qe3 f5 $6 (21... Rc7 $16) 22. exf5 Bg7 (22... d5 23. fxe6 fxe6
24. f5 $16) 23. Na2 Qa4 24. Rxd6 $18 Nxa5 $6 (24... Na7 25. Nc5 Rxc5 26. Qxc5
Rc8 27. Qf2 $18) 25. f6 $1 Nc4 (25... Bxf6 26. Rxa5) 26. Bxc4 Qxc4 27. Rc5 $1 (
27. Rxd7 $2 Qxc2+ 28. Ka1 Bxf6 29. Re5 Rxg2 $19) 27... Qf1+ 28. Nac1 Bf8 29.
Rxd7 Bxc5 30. Nxc5 Ka8 31. Na4 1-0

[Event "Linares zt"]
[Site "Linares"]
[Date "1995.??.??"]
[Round "4"]
[White "Wells, Peter K"]
[Black "Van Wely, Loek"]
[Result "1-0"]
[WhiteElo "2545"]
[BlackElo "2585"]
[Annotator "Boensch,U"]
[PlyCount "71"]
[EventDate "1995.11.??"]
[EventType "swiss"]
[EventRounds "11"]
[EventCountry "ESP"]
[SourceTitle "CBM 051"]
[Source "ChessBase"]
[SourceDate "1996.04.01"]
[SourceVersion "1"]
[SourceVersionDate "1996.04.01"]
[SourceQuality "1"]

1. e4 c5 2. Nf3 d6 3. d4 cxd4 4. Nxd4 Nf6 5. Nc3 a6 6. Bg5 e6 7. f4 Qb6 8. Qd2
Qxb2 (8... Nc6 9. Bxf6 gxf6 10. Nb3 Bd7 11. Be2 h5 12. O-O-O O-O-O 13. Kb1 Kb8
14. Rhf1 $14 {Stripunsky,A-Loginov,V RUS-chT Kazan (05) 1995 1/2 59 - CBM 51})
9. Rb1 Qa3 10. Bxf6 (10. f5 Nc6 11. fxe6 fxe6 12. Nxc6 bxc6 13. Be2 Be7 14. O-O
O-O 15. Rb3 Qc5+ 16. Be3 Qe5 17. Bd4 Qa5 18. Bb6 Qe5 {1/2 Short,N-Kasparov,G
Novgorod (08) 1995 - CBM 48}) 10... gxf6 11. Be2 (11. f5 $2 Bh6 $1 12. Qd3 Nc6
13. fxe6 fxe6 14. Nxc6 bxc6 15. e5 dxe5 16. Qh3 O-O 17. Bc4 f5 18. Bb3 Bg7 19.
O-O Qc5+ 20. Kh1 e4 $19 {Stankovic,S-Bangiev,A Pula op 1990 0-1 32}) 11... Nc6
(11... h5 12. O-O Nd7 13. Kh1 Nc5 14. Rf3 Qa5 15. Nb3 Qc7 16. Nxc5 dxc5 17. f5
$36 {Velimirovic,D-Tringov,G Osijk 1978 1/2 34}) 12. Nxc6 bxc6 13. O-O Be7 (
13... d5 $6 $146 14. exd5 cxd5 15. f5 Qa5 16. Kh1 Bd6 17. fxe6 Bxe6 18. Rxf6
Be5 19. Qh6 $1 Qxc3 $2 20. Rxe6+ $1 $18 {Shmuter,L-Timoshenko,G Nikolaev zt
1993 1-0 25}) 14. Kh1 O-O $146 (14... Qa5 15. f5 h5 16. Qd3 (16. Bf3 e5 17. Qd3
Qc7 18. Rb3 Rb8 19. Rxb8 Qxb8 20. Qc4 Qc7 21. Rb1 $44 {Velimirovic,D-Gavrikov,
V Vrsac 1985 1-0 37}) 16... h4 17. Qh3 Kd8 18. Bg4 Qe5 19. Rb6 Kc7 20. Rfb1 Ra7
$15 {Ivanovic,B-Ftacnik,L Luzern (ol) 1982 0-1 37}) 15. f5 Kh8 16. e5 (16. Rb6
Qc5 17. Na4 Qe5 18. Rxc6 Qxe4 19. Rc7 Bd8 (19... Qxa4 20. Rxe7 $40) 20. Rc4 Qe5
$17) 16... dxe5 (16... fxe5 $4 17. f6 Bd8 (17... Bxf6 18. Rxf6 d5 19. Rbf1 $18)
18. Qh6 Rg8 19. Bd3 $18) 17. Rb3 Qa5 (17... Qd6 18. Qh6 Rg8 (18... exf5 $4 19.
Nb5 axb5 20. Rh3 $18) 19. Ne4 Qd5 20. Rh3 Rg7 21. Bf3 Qc4 22. Re1 exf5 23. Nxf6
Bxf6 $8 24. Qxf6 $44) 18. Qh6 Rg8 19. Ne4 Qd8 20. Rh3 Rg7 21. Rd1 $1 $18 Bd7 (
21... Qe8 22. Nxf6 Bxf6 23. Qxf6 Bb7 24. Rg3 Qf8 25. Rd7 $18) (21... Qc7 22.
Nxf6 Bxf6 23. Qxf6 Bd7 24. Rg3 Rag8 25. Rxg7 Rxg7 26. Qe7 f6 27. Qf8+ Rg8 28.
Qxf6+ Rg7 29. fxe6 $18) 22. Rhd3 Ra7 23. Qe3 (23. Qd2 $1 exf5 24. Rxd7 Rxd7 25.
Qxd7 Qxd7 26. Rxd7 fxe4 27. Rxe7 $18) 23... Qb8 24. Rxd7 Rxd7 25. Rxd7 exf5 26.
Qb3 Qg8 27. Rxe7 (27. Ng3 Bc5 (27... f4 28. Rxe7 fxg3 29. Rb7 $18) 28. Qf3 $18)
27... fxe4 28. g3 Qd8 29. Rxf7 h5 30. Rxg7 Kxg7 31. Bxh5 Qd7 32. Qe3 Qd5 33. a3
Qc4 34. Qe2 Qd4 35. Qg4+ Kf8 36. Qe6 1-0

[Event "Herzliya"]
[Site "Herzliya"]
[Date "1993.??.??"]
[Round "6"]
[White "Gruenfeld, Yehuda"]
[Black "Psakhis, Lev"]
[Result "1-0"]
[WhiteElo "2535"]
[BlackElo "2585"]
[Annotator "Boensch,U"]
[PlyCount "53"]
[EventDate "1993.11.??"]
[EventType "tourn"]
[EventRounds "11"]
[EventCountry "ISR"]
[EventCategory "10"]
[SourceTitle "CBM 039"]
[Source "ChessBase"]
[SourceDate "1994.04.01"]
[SourceVersion "1"]
[SourceVersionDate "1994.04.01"]
[SourceQuality "1"]

1. e4 c5 2. Nf3 d6 3. d4 cxd4 4. Nxd4 Nf6 5. Nc3 a6 6. Bg5 e6 7. f4 Qb6 8. a3
Nc6 (8... Be7 9. Qd2 h6 10. Bxf6 Bxf6 11. O-O-O (11. Nb3 O-O 12. O-O-O Nc6 13.
Kb1 a5 14. Na4 Qa7 15. Bb5 e5 16. f5 $16 {Guedon,S-Renet,O Clichy op (7) 1991
0-1 32}) 11... O-O 12. Nb3 Rd8 13. h4 a5 14. g4 a4 15. Nd4 Bxd4 16. Qxd4 Qxd4
17. Rxd4 $16 {Timman,J-Van der Wiel,J Amsterdam Euwe-mem (9) 1991 1-0 59}) 9.
Nb3 Be7 10. Qf3 Qc7 (10... h6 11. Bh4 g5 12. Bf2 Qc7 13. g3 b5 14. O-O-O $13 {
-ECO}) (10... O-O 11. O-O-O Qc7 12. g4 b5 13. Bg2 Rb8 $2 (13... Bb7 14. Bxf6
Bxf6 15. g5 Be7 16. Qg3 $13) 14. e5 Nd5 15. Rxd5 $1 exd5 16. Nxd5 Qd7 17. Na5
Nxa5 18. Nxe7+ Kh8 19. f5 Bb7 20. f6 Bxf3 21. fxg7+ Kxg7 22. Bf6+ Kh6 23. Bxf3
Rg8 24. Rg1 Qxe7 25. Bxe7 $16 {Doncev-Nikolov Bulgaria 1987 1-0 81 -Inf.45\298}
) 11. O-O-O h6 12. Bxf6 Bxf6 13. h4 h5 14. g3 Bd7 15. Rh2 O-O-O 16. Rhd2 Be7
17. Qe3 Kb8 18. Na4 Na5 19. Nxa5 Bxa4 20. Nc4 Bc6 21. Rd3 Bb5 22. Rc3 Bf6 23.
e5 $1 dxe5 24. Nd6 $1 $16 exf4 $2 (24... Rxd6 $2 25. Rxc7 Rxd1+ 26. Kxd1 Rd8+
27. Kc1 Kxc7 28. Qc5+ Bc6 29. fxe5 Rd5 30. exf6 Rxc5 31. fxg7 $18) (24... Bc6
25. fxe5 Be7 26. Qc5 $1 $16 (26. Nxf7 $2 Rxd1+ 27. Kxd1 Rf8 $17)) 25. Rxc7 fxe3
26. Rxb7+ Ka8 27. Bg2 $1 (27. Bg2 e2 28. Rxb5+ Ka7 29. Nc8+ $3 Rxc8 30. Rd7+
Rc7 31. Rxc7#) 1-0